000 00286nam a22001217a 4500
008 171219b xxu||||| |||| 00| 0 eng d
041 _aeng
080 _a72
100 _a41
101 _aARK
245 _aTWENTIETH CENTURY CHURCH ARCHITECTURE IN GERMANY
_cSCHNELL,H
942 _2udc
_cBK
999 _c39188
_d39188